00397nam a2200097Ia 4500008004100000041000800041100002700049245013100076260005000207650004200257191203s9999 xx 000 0 und d aeng aRydma Sasanki De Silva 0aMolecular identification of endolichenic fungi isolated from the mangrove lichen and isolation of bioactive compounds produced aInstitiute of Chemistri CeylonbColomboc2019 a"Seminar Reports ,Dissertations,2019"